Đi tìm bản sắc tiếng Việt

Đã lưu trong:
书目详细资料
主要作者: Trịnh Sâm
格式: 图书
语言:Undetermined
出版: Tp. HCM Trẻ 2001
主题:
标签: 添加标签
没有标签, 成为第一个标记此记录!
Thư viện lưu trữ: Trung tâm Học liệu Trường Đại học Cần Thơ
LEADER 00529nam a2200193Ia 4500
001 CTU_44112
008 210402s9999 xx 000 0 und d
020 |b 24.000đ 
082 |a 495.922 
082 |b S120 
100 |a Trịnh Sâm 
245 0 |a Đi tìm bản sắc tiếng Việt 
245 0 |c Trịnh Sâm 
260 |a Tp. HCM 
260 |b Trẻ 
260 |c 2001 
650 |a vietnamese language - history and criticism 
904 |i Minh, 011023 
980 |a Trung tâm Học liệu Trường Đại học Cần Thơ